00501nam a22001577a 450000500170000000800410001702000260005804000090008404100120009308200160010510000250012124500850014626000550023130000080028665000490029420260523131836.0260523b |||||||| |||| 00| 0 eng d a9789360281311c895.00 aMAIN aEnglish a363.34bMAK aNautiyal, Anoop (ed) aMaking Molehills of Mountainsb: Demystifying Disasters in Devbhumi Uttarakhand  aDehradun bBishan Singh Mahindra Pal Singh 2c2024 a170 aUttarakhand Collection : Himalaya Collection